000 00817nam a2200253 a 4500
001 BRCA_4889
005 20190320204839.0
008 790813s1919----gw-a######---#000-0#ger-#
041 _ager
044 _agw
050 4 _aNC15099
_b.Z55 1919
100 1 _aZille, Heinrich
_d1858-1929
_912389
245 1 0 _aZwanglose Geschichten und Bilder
_blitographien von H. Zille
_cvon Heinrich Zille.
260 _aAlemania
_bFritz Gurlitt
_c1919
300 _a1 v. (sin paginación)
_bil., [49] h. de láminas
_c40 cm.
500 _aEstado físico: caja deteriorada
500 _aEjemplar numerado 24 de 50 y firmado por el autor
500 _aDD11
650 1 4 _aHumorismo gráfico
_zAlemania
_912390
650 1 4 _aCaricatura
_zAlemania
_912391
650 1 4 _aExpresionismo alemán
_912392
902 _aGFM
942 _2lcc
_cB
999 _c4583
_d4583